000 00398ntaaa2200169 4500
003 01
005 20251027202403.0
008 0714s1973 ag 01
040 _aAR-BaBN
_bspa
_cAR-BaBN
_eaacr
_dRIC
082 _a282.8000 098
100 _aOyuela, Calixto
_922592
245 _aLecturas selectas
250 _a1 ed.
260 _as.l.,
_cs.f.
650 _aliteratura espaƱola
_916709
942 _cBK
999 _c18777
_d18777